SHINee Alphabet Song - Statistics

General Stats
  • This quiz has been taken 42 times
  • The average score is 17 of 24
Answer Stats
Hint Answer % Correct
L Love’s way / Love like oxygen / Last gift / Love should go on / Lucifer / Life / Love pain / Love still goes on / Like a fire / Lucky Star /Love sick / Love / Lipstick / Lock you down / Like it
96%
S Shout out / Start / Seesaw / Stranger / Sherlock / Spoiler / Selene / Shine / Sleepless night / Symptoms / Sunny day hero /Savior / sweet surprise / Sing your song / Shift / So amazing / Satellite / Sweet misery / Senorita / Shinee girl / Sunny side / Superstar / Seasons / Starlight
96%
R Romantic / Replay / Ready or not / Run with me / Runaway / Romance / Rescue / Retro / Real / Romeo + Juliette /Ring ding dong
92%
D Dazzling girl / Dream girl / Dynamite / Dangerous / Destination / Downtown baby / Dxdxd / Don’t let me go / Don’t stop /Do me right / Diamonds sky / Drive / Don’t call me / Days and years
88%
H Hello / Honesty / Hitchhiking / Heart attack / Hard / Hit me
88%
A Amigo / A-yo / Always love / Alarm clock / Aside / An ode to you / Alive / An encore / Aboab / All day all night /Attention / Atlantis / Area
83%
E Electric heart / Excuse me miss / Evil / Everybody / Electric / Every time
83%
J Juliette / Jump / Juice / Jo jo
83%
V View
83%
M Married to the music / Moon drop / Mr right guy / Melody / Marry you / Moon river waltz
79%
B Best place / Better / Breaking news / Burning up / Beautiful / Better off / Bounce / Boys meet u / Black hole / Boys will be boys / Beautiful life / Become undone / Body rhythm
75%
C Clue / Close the door / Colorful / Colors of the season / Countless / Chemistry / Code / Closer
75%
O One for me / Obsession / One / Orgel / One minute back / Odd eye / Our page
75%
I In my room / I’m with you / If you love her / I say / I want you / I really want you / Identity / Insomnia
71%
Y Y si fuera ella / Your name / Your number / You & I / Year of us
71%
G Graze / Get it / Girls girls girls / Good good feeling / Gentleman / Get the treasure / Good evening / Gravity / Get down
63%
N Note / Nightmare / Nothing to lose
63%
W Wowowow / Why so serious / Woof woof / Wishful thinking / Wanted / Wish upon a star / Winter wonderland /Who waits for love
63%
P Password / Punch drunk love / Picasso / Perfect 10 / Photograph / Prism / Please don’t go / Poet I artist
58%
Q Quasimodo / Queen of new york
58%
T The shine world / To your heart / The reason / Trigger / Tell me what to do / Tonight / The feeling / Talk to you / The name /Tell me your name
58%
F Four seasons / Forever or never / Fire / Farewell my love / Feel good / From now on
50%
K Kiss yo / Kimi ga ire sekai / Keeping love again / Kiminoseide / Kiss kiss / Kind
50%
U Up & down / U need me / Undercover
42%
No matching quizzes found
Score Distribution
Percent of People with Each Score
Percentile by Number Answered
Your Score History
You have not taken this quiz